000 00597nab a2200193 4500
001 244442
003 OSt
005 20250610125142.0
007 tu
008 200917s2020|||||||
040 _aDE-2950
_cDE-2950
245 0 0 _aSo hat Slubice gewählt
_bPolitik. Nawrocki hst die Präsidentenwahl in Polen knapp gewonnen - in Frankfurts Nachbarstadt lag Trzaskowski klar vorn/
_cthg
264 _c2024
653 _aSlubice
653 _aPräsidentenwahl
653 _aWahlergebnis
773 0 _g36. Jahrgang (2025) Nr. 127 vom 03.06.2025, S. 13 mit Foto
_tMärkische Oderzeitung
942 _2z
_cA
999 _c373811
_d373811